000 00649nam a2200205Ia 4500
999 _c6015
_d6015
001 19258879
003 OSt
005 20190111161741.0
008 920205s1982 oku 000 0 eng d
040 _aMLH
_cMLH
_dATH
082 _a265.8
_bM478b
090 _aBR115.H4
_bM23 1982
100 1 _aMcCrossan, Thomas J.
245 1 0 _aBodily healing and the atonement /
_cby T. J. McCrossan ; re-edited by Roy Hicks and Kenneth E. Hagin.
250 _a2nd ed.
260 _aTulsa, Okla. :
_bFaith Library Publications, Kenneth Hagin Ministries,
_cc1982.
300 _a98 p. :
_c22 cm.
650 0 _aSpiritual healing
_xBiblical teaching.
942 _2ddc
_cBK